|
|
|
|
| LEADER |
00000nam0a2200000 4500 |
| 001 |
118693 |
| 005 |
20231031124229.0 |
| 010 |
|
|
|a 9785222120903
|
| 035 |
|
|
|a (RuTPU)RU\TPU\book\128438
|
| 090 |
|
|
|a 118693
|
| 100 |
|
|
|a 20070615d2007 m y0rusy50 ca
|
| 101 |
0 |
|
|a rus
|
| 102 |
|
|
|a RU
|
| 105 |
|
|
|a y j 001zy
|
| 200 |
1 |
|
|a Практикум по высшей математике
|e учебное пособие для вузов
|f Б. В. Соболь, Н. Т. Мишняков, В. М. Поркшеян
|
| 205 |
|
|
|a 4-е изд.
|
| 210 |
|
|
|a Ростов-на-Дону
|c Феникс
|d 2007
|
| 215 |
|
|
|a 630 с.
|
| 225 |
1 |
|
|a Высшее образование
|
| 320 |
|
|
|a Библиогр.: с. 624.
|
| 330 |
|
|
|a В книгу вошли все разделы стандартного курса высшей математики для широкого спектра специальностей высших учебных заведений. Каждая глава (соответствующий раздел курса) содержит справочный материал, а также основные теоретические положения, необходимые для решения задач. Отличительной особенностью данного издания является большое количество задач с решениями, что позволяет использовать его не только для аудиторных занятий, но и для самостоятельной работы студентов. Задачи представлены по темам, систематизированы по методам решения. Завершают каждую главу наборы заданий для самостоятельного решения, снабженные ответами. Полнота изложения материала и относительная компактность данного издания позволяют рекомендовать его преподавателям и студентам высших учебных заведений, а также слушателям институтов повышения квалификации, желающим систематизировать свои знания и навыки по этому предмету.
|
| 451 |
|
1 |
|0 (RuTPU)RU\TPU\book\171720
|y 978-5-222-14017-8
|t Практикум по высшей математике
|o учебное пособие для вузов
|f Б. В. Соболь, Н. Т. Мишняков, В. М. Поркшеян
|e 4-е изд.
|c Ростов-на-Дону
|n Феникс
|d 2008
|p 630 с.
|s Высшее образование
|a Соболь, Борис Владимирович
|
| 610 |
1 |
|
|a математика
|
| 610 |
1 |
|
|a векторная алгебра
|
| 610 |
1 |
|
|a аналитическая геометрия
|
| 610 |
1 |
|
|a линейная алгебра
|
| 610 |
1 |
|
|a комплексные числа
|
| 610 |
1 |
|
|a функции одной переменной
|
| 610 |
1 |
|
|a интегральное исчисление
|
| 610 |
1 |
|
|a функции непрерывных переменных
|
| 610 |
1 |
|
|a дифференциальные уравнения
|
| 610 |
1 |
|
|a ряды
|
| 610 |
1 |
|
|a практикумы
|
| 610 |
1 |
|
|a учебные пособия
|
| 675 |
|
|
|a 51(076)
|v 3
|
| 700 |
|
1 |
|a Соболь
|b Б. В.
|g Борис Владимирович
|
| 701 |
|
1 |
|a Мишняков
|b Н. Т.
|g Николай Тимофеевич
|
| 701 |
|
1 |
|a Поркшеян
|b В. М.
|g Виталий Маркосович
|
| 801 |
|
1 |
|a RU
|b 63413507
|c 20070615
|g PSBO
|
| 801 |
|
2 |
|a RU
|b 63413507
|c 20201201
|g PSBO
|
| 942 |
|
|
|c BK
|
| 959 |
|
|
|a 47/20070604
|d 2
|e 135,00
|f ЧЗТЛ:2
|